De la génération et de la corruption
Shranjeno v:
| Main Authors: | , |
|---|---|
| Format: | Knjiga |
| Jezik: | francoščina |
| Izdano: |
París
Librairie Philosophique J Vrin
1951
|
| Serija: | Bibliothèque des textes philosophiques
|
| Teme: | |
| Oznake: |
Označite
Brez oznak, prvi označite!
|
MARC
| LEADER | 00000nam a2200000 a 4500 | ||
|---|---|---|---|
| 001 | UCY6449 | ||
| 003 | CL-VaPUC | ||
| 008 | 950526e19510000FR |||||||||||||||||fre|d | ||
| 082 | 0 | 4 | |a 185 |b ARI |2 21 |
| 100 | |a Aristóteles, |d 384 a.C.- 322 a.C. |e author |9 194 | ||
| 700 | 0 | |a Tricot, J |e author |9 336373 | |
| 245 | 1 | 0 | |a De la génération et de la corruption |
| 300 | |a 169 p | ||
| 942 | |c BK | ||
| 945 | |d 19950526 00:00:00 |a oaravena | ||
| 260 | |a París |b Librairie Philosophique J Vrin |c 1951 | ||
| 650 | 0 | |a Filosofía |9 223554 | |
| 650 | 0 | |a Filosofía antigua |9 255705 | |
| 650 | 0 | |a Corrupción |9 328304 | |
| 650 | 0 | |a Metafísica |9 265649 | |
| 650 | 0 | |a Naturaleza humana |9 308593 | |
| 651 | 0 | |a Grecia |9 265314 | |
| 583 | |a last modification |c 19950526 00:00:00 |k Rodrigo Vera | ||
| 490 | 0 | |a Bibliothèque des textes philosophiques | |
| 999 | |c 234014 |d 234012 | ||
| 952 | |0 0 |1 0 |4 0 |6 185_000000000000000_ARI_1951 |7 0 |8 P |9 239939 |a BIBEDU |b BIBEDU |c BIBEDU_PB |d 2019-11-18 |i 151234K |o 185 ARI 1951 |p 151234K |r 2024-01-25 |w 2019-11-18 |y BK |k FIL | ||